000 00705cam a2200241 4500
008 090401t1993 xxu||||| |||| 00| 0 eng d
020 _a1856284360
035 _a(Sirsi) u34296
041 _aeng
050 _a526.96
100 _aBell, Frank
245 _aSurveying and setting out procedures.
260 _aAldershot, Hants.
_bAvebury
_c1993
300 _axi,276p. ; 24cm.
350 _a27.5
520 _aA practical guide to land surveying and setting out procedures for civil engineering projects including roads, sewers and tunnels.
650 _aCIVIL ENGINEERING
650 _aLEVELLING
650 _aSETTING OUT
690 _aLAND SURVEYING
942 _n0
948 _c04/03/1997
999 _c89925
_d89925